|
|
|
|
| LEADER |
00000nam a2200000 a 4500 |
| 001 |
vtls001387213 |
| 003 |
SK-MaSNL |
| 005 |
20260302034531.0 |
| 008 |
240314s1999 xo a rd cze |
| 015 |
|
|
|a SNBA2000/06-02130
|
| 020 |
|
|
|a 8080650039
|
| 035 |
|
|
|a SNK000341398
|
| 035 |
|
|
|a urn:nbn:sk:snk-amyhih
|
| 035 |
|
|
|a urn:nbn:sk:snk-am00ck5p
|
| 035 |
|
|
|a 6BFFC60D-78F0-4C0A-A015-BBFD1DE0DEFE
|
| 040 |
|
|
|a SNK
|b slo
|c SNK
|e AACR2
|
| 041 |
0 |
|
|a cze
|
| 044 |
|
|
|a xo
|c SK
|
| 080 |
|
|
|a 796.966.071.2(100)(091)=850
|2 1981
|
| 080 |
|
|
|a 929
|2 1981
|
| 100 |
1 |
|
|a Duplacey, James
|4 aut
|9 582536
|
| 240 |
1 |
0 |
|a 100 of greatest all-times stars a centurey of hockey heroes
|l Česky
|
| 245 |
1 |
0 |
|a Století hokejových hrdinů
|b 100 největších hvězd v historii hokeje
|c James Duplacey a Eric Zweig ; [z anglického originálu přeložil Jaromír Přibyl]
|
| 260 |
|
|
|a Bratislava
|b Timy
|c 1999
|
| 300 |
|
|
|a 206 s.
|b fotogr. (prevažne fareb.)
|c 28 cm
|
| 500 |
|
|
|a Údaj o prekl. prevzatý z rubu tit. strany
|
| 650 |
0 |
7 |
|a hokej ľadový
|x osobnosti významné
|2 SNK
|9 582537
|
| 650 |
0 |
7 |
|a hokejisti svetoví
|x osobnosti
|2 SNK
|9 582538
|
| 655 |
|
7 |
|a príručky
|2 SNK
|9 74364
|
| 700 |
1 |
|
|a Zweig, Eric
|4 aut
|9 582539
|
| 700 |
1 |
|
|a Přibyl, Jaromír
|4 trl
|9 686244
|
| 919 |
|
|
|a 80-8065-003-9
|
| 958 |
|
|
|a TL
|
| 958 |
|
|
|a OP
|
| 958 |
|
|
|a NS
|
| 958 |
|
|
|a CZ
|
| 968 |
|
|
|a Čes
|b ENG
|
| 999 |
|
|
|c 1066721
|d 1068651
|
| 952 |
|
|
|t P60, <09>, [BOOK], {629}
|a SNK
|b SNK
|y NEVYP
|7 0
|o snkB 158
|i snk574/20000425
|0 0
|1 0
|4 0
|d 2000-04-19
|l 0
|r 2005-01-02 00:00:00
|w 2026-02-24
|
| 952 |
|
|
|t P60, <03>, [BOOK], {603}
|a SNK
|b SNK
|y PREZ
|7 0
|p 17A0236327
|o snkSB 61666
|i snkKSP 4231/2000
|0 0
|1 0
|4 0
|d 2000-04-19
|f 1
|l 0
|r 2025-04-10 00:00:00
|w 2026-02-24
|
| 952 |
|
|
|t P60, <04>, [BOOK], {604}
|a SNK
|b SNK
|y VYP
|7 0
|p 17A0236328
|o snkSB 61666 D1
|i snkKSP 4232/2000
|0 0
|1 0
|4 0
|d 2000-04-19
|l 0
|r 2005-01-02 00:00:00
|w 2026-02-24
|